[Event "C.to Italiano Semifinale"]
[Site "San Martino di Castrozza - Siror ITA"]
[Date "2003.06.28"]
[Round "8"]
[White "Ferri, Stefano"]
[Black "Drei, Andrea"]
[Result "0-1"]
[WhiteElo "2069"]
[BlackElo "2224"]
[PlyCount "140"]
[EventDate "2003.06.21"]

1. d4 Nf6 2. Nf3 e6 3. c4 Bb4+ 4. Bd2 c5 5. Bxb4 cxb4 6. Nbd2 O-O 7. e3 d6 8.
Bd3 Re8 9. O-O e5 10. Qc2 Bg4 11. Bf5 Bxf3 12. Nxf3 Nc6 13. Rfd1 Qc7 14. Rac1
g6 15. Bh3 b6 16. dxe5 Nxe5 17. Nd4 a6 18. Qa4 Ne4 19. g3 Nc5 20. Qc2 f5 21.
Bg2 Rac8 22. Bd5+ Kh8 23. a3 bxa3 24. b4 Ne4 25. f4 Ng4 26. Ne6 Qd7 27. Bxe4
Rxe6 28. Qc3+ Qg7 29. Bb7 Rce8 30. Qxg7+ Kxg7 31. Bxa6 Rxe3 32. Ra1 R8e6 33.
Bb7 Re7 34. Bc6 Rb3 35. Bd5 Rc3 36. Rd2 Ne3 37. Kf2 Nc2 38. Rc1 Rc7 39. c5 dxc5
40. Rdxc2 cxb4 41. Rxc3 bxc3 42. Rc2 b5 43. Bb3 b4 44. Ke3 Rd7 45. Ra2 Kf6 46.
Rf2 h6 47. h4 Ke7 48. Rh2 Kd8 49. Ra2 Kc7 50. Rg2 Rd6 51. Ra2 Kb6 52. Rg2 Kc5
53. Ra2 Rd4 54. Ke2 Re4+ 55. Kd3 Re1 56. Rg2 Rb1 57. Ba2 Rd1+ 58. Kc2 Re1 59.
Kb3 Rd1 60. Kc2 Rd4 61. Re2 Re4 62. Rg2 Kd4 63. Bf7 Re7 64. Ba2 Ke3 65. Bc4 Rd7
66. Rh2 Rd2+ 67. Rxd2 cxd2 68. g4 a2 69. Bxa2 Ke2 70. Bc4+ Ke1 0-1

[Event "C.to Italiano Semifinale"]
[Site "San Martino di Castrozza - Siror ITA"]
[Date "2003.06.28"]
[Round "8"]
[White "Passerotti, Pierluigi"]
[Black "Iotti, Pierluigi"]
[Result "1-0"]
[WhiteElo "2278"]
[BlackElo "2314"]
[PlyCount "79"]
[EventDate "2003.06.21"]

1. f4 d5 2. Nf3 g6 3. d3 Bg7 4. g3 Nf6 5. Bg2 O-O 6. O-O c5 7. c3 Nc6 8. Qe1 d4
9. Na3 Nd5 10. Bd2 Rb8 11. Nc4 f6 12. a4 Be6 13. Qf2 Nc7 14. cxd4 Nxd4 15. Nxd4
cxd4 16. Na5 Bc8 17. Rac1 f5 18. Rc5 Rf6 19. Rfc1 Na6 20. R5c4 Rb6 21. b4 Be6
22. b5 Bxc4 23. Nxc4 Nc5 24. Nxb6 axb6 25. Qf3 e6 26. Rc4 Bf8 27. Bb4 Nb3 28.
Qf2 Bc5 29. a5 Qd6 30. Bxc5 bxc5 31. Qe1 Qd7 32. a6 Qxb5 33. axb7 Na5 34. Rc1
Rxb7 35. Bxb7 Nxb7 36. Rb1 Qc6 37. Qd1 Nd6 38. Qb3 c4 39. Qb8+ Kg7 40. Rb6 $138
1-0

[Event "C.to Italiano Semifinale"]
[Site "San Martino di Castrozza - Siror ITA"]
[Date "2003.06.28"]
[Round "8"]
[White "Rossi, Damiano"]
[Black "Astengo, Marcello"]
[Result "0-1"]
[WhiteElo "1840"]
[BlackElo "2055"]
[PlyCount "80"]
[EventDate "2003.06.21"]

1. d4 d5 2. Nf3 Nf6 3. Bg5 Ne4 4. Bh4 f6 5. c4 g5 6. Bg3 h5 7. Qc2 Bf5 8. Qa4+
Nd7 9. h3 Nxg3 10. fxg3 e6 11. Nc3 c6 12. e3 Bd6 13. Be2 Bxg3+ 14. Kd2 Qe7 15.
Raf1 Nb6 16. Qb3 O-O-O 17. c5 Nd7 18. Qa3 Kb8 19. b4 g4 20. Ng1 Rhe8 21. b5 Bg6
22. bxc6 bxc6 23. Qa6 e5 24. Bd3 Bxd3 25. Kxd3 Qxc5 26. Rb1+ Kc7 27. Rb7+ Kd6
28. dxc5+ Nxc5+ 29. Kd2 Nxa6 30. Rxa7 Nc5 31. hxg4 hxg4 32. Nge2 Bf2 33. g3
Ne4+ 34. Nxe4+ dxe4 35. Nc3 f5 36. Rh6+ Re6 37. Ra6 Rxh6 38. Ke2 Rh2 39. Nb5+
Kc5 40. Nc3 Bxg3+ 0-1

[Event "C.to Italiano Semifinale"]
[Site "San Martino di Castrozza - Siror ITA"]
[Date "2003.06.28"]
[Round "8"]
[White "Sbarra, Marco"]
[Black "Sorcinelli, Francesco"]
[Result "1/2-1/2"]
[WhiteElo "2217"]
[BlackElo "1962"]
[PlyCount "99"]
[EventDate "2003.06.21"]

1. e4 c5 2. Nf3 d6 3. Bb5+ Nc6 4. O-O Bd7 5. Re1 Nf6 6. c3 a6 7. Ba4 c4 8. d4
cxd3 9. Qxd3 Ne5 10. Bxd7+ Nfxd7 11. Nxe5 Nxe5 12. Qe2 e6 13. c4 Be7 14. Be3
O-O 15. f4 Ng6 16. Nc3 Qc7 17. a4 Rac8 18. b3 Bf6 19. Rac1 Qa5 20. Qd2 Bxc3 21.
Qxc3 Qxc3 22. Rxc3 f5 23. Rd3 Rc6 24. Bd2 fxe4 25. Rxe4 e5 26. Bb4 Rxf4 27.
Rxf4 Nxf4 28. Rxd6 Rxd6 29. Bxd6 Nd3 30. Kf1 Kf7 31. Ba3 Ke6 32. Ke2 e4 33. Ke3
Ke5 34. Bf8 g6 35. g4 h5 36. h3 b6 37. Bg7+ Ke6 38. Bd4 hxg4 39. hxg4 Nc5 40.
a5 Nxb3 41. Bxb6 Kd6 42. Kxe4 Nd2+ 43. Kd3 Nf3 44. Ke3 Ne5 45. c5+ Kd5 46. Kf4
Nf7 47. Ba7 Kc6 48. Ke4 Kb7 49. Bb6 Kc6 50. Kf4 1/2-1/2

[Event "C.to Italiano Semifinale"]
[Site "San Martino di Castrozza - Siror ITA"]
[Date "2003.06.28"]
[Round "8"]
[White "Stroppa, Daniel"]
[Black "Ricci, Marco"]
[Result "1-0"]
[WhiteElo "2279"]
[BlackElo "2165"]
[PlyCount "127"]
[EventDate "2003.06.21"]

1. a3 e5 2. Nc3 d5 3. e4 c6 4. exd5 cxd5 5. Bb5+ Nc6 6. Qe2 Qd6 7. f4 e4 8. d3
f5 9. dxe4 dxe4 10. Be3 Nf6 11. Nh3 a6 12. Rd1 Qc7 13. Ba4 Be6 14. Ng5 Bg8 15.
O-O h6 16. Nh3 Bf7 17. Bb3 Na5 18. Bd4 Nxb3 19. Bxf6 Bc4 20. Qh5+ Bf7 21. Qxf5
Qc5+ 22. Qxc5 Bxc5+ 23. Kh1 gxf6 24. Nxe4 Be7 25. cxb3 Bxb3 26. Rde1 Kf7 27.
Rf3 Bd5 28. Rfe3 Rhg8 29. Neg5+ hxg5 30. Rxe7+ Kg6 31. fxg5 fxg5 32. R7e5 Bc6
33. Rxg5+ Kf6 34. Rf1+ Ke7 35. Rxg8 Rxg8 36. Nf4 a5 37. Kg1 Kd6 38. g3 Ke5 39.
Rd1 a4 40. Kf2 Ke4 41. h4 Rf8 42. h5 Rf6 43. Re1+ Kf5 44. Re7 Rd6 45. Ke3 Kf6
46. Rc7 Rd8 47. h6 Re8+ 48. Kd4 Rd8+ 49. Kc5 Rh8 50. h7 Be4 51. Nd5+ Kg5 52.
Rg7+ Kh6 53. Rxb7 Bxh7 54. Rb4 Rc8+ 55. Kb5 Bc2 56. Nb6 Bd3+ 57. Kxa4 Bc2+ 58.
b3 Rc7 59. Rc4 Ra7+ 60. Kb4 Bd3 61. Rd4 Bf1 62. a4 Kg5 63. a5 Kf5 64. Rf4+ 1-0

[Event "C.to Italiano Semifinale"]
[Site "San Martino di Castrozza - Siror ITA"]
[Date "2003.06.28"]
[Round "8"]
[White "Vezzosi, Paolo"]
[Black "Scalcione, Michelangelo"]
[Result "1-0"]
[WhiteElo "2372"]
[BlackElo "2366"]
[PlyCount "103"]
[EventDate "2003.06.21"]

1. Nf3 d6 2. g3 e5 3. c4 g6 4. Nc3 Bg7 5. Bg2 f5 6. O-O Nf6 7. d4 e4 8. Ne1 O-O
9. f3 exf3 10. exf3 Re8 11. Nc2 Be6 12. d5 Bf7 13. Be3 c5 14. Qd2 a6 15. a4
Nbd7 16. a5 Qc7 17. Kh1 Re7 18. Na4 Rae8 19. Rfe1 Kh8 20. Rab1 Ne5 21. b3 Ned7
22. Bf1 Ne5 23. Be2 Qd8 24. Kg2 Bg8 25. b4 cxb4 26. Rxb4 Nf7 27. Bf1 g5 28. Nd4
f4 29. gxf4 gxf4 30. Bf2 Rxe1 31. Bxe1 Ne5 32. Bh4 Ng6 33. Bf2 Nh5 34. Rxb7
Qg5+ 35. Kh1 Nh4 36. Nc3 Nf5 37. Ne4 Rxe4 38. Nxf5 Qxf5 39. fxe4 Qxe4+ 40. Bg2
f3 41. Bf1 Qg4 42. Qe3 Be5 43. Rb3 Nf6 44. Qxf3 Ne4 45. Bg1 Qh4 46. Qh3 Qg5 47.
Qg2 Qh4 48. Rh3 Qf4 49. Be3 Qf6 50. Bd3 Nc5 51. Bc2 Bc3 52. Rg3 1-0

[Event "C.to Italiano Semifinale"]
[Site "San Martino di Castrozza - Siror ITA"]
[Date "2003.06.29"]
[Round "9"]
[White "Baracchi, Filippo"]
[Black "Calisi, Elia"]
[Result "1-0"]
[WhiteElo "1801"]
[BlackElo "1600"]
[PlyCount "93"]
[EventDate "2003.06.21"]

1. e4 c5 2. Nf3 d6 3. d4 cxd4 4. Nxd4 a6 5. Nc3 Nf6 6. Be2 e6 7. Be3 Be7 8. f4
Qc7 9. O-O b5 10. a3 Nbd7 11. Bf3 Bb7 12. Qe1 O-O 13. Qg3 Rfe8 14. e5 dxe5 15.
fxe5 Nd5 16. Nxd5 Bxd5 17. Bxd5 exd5 18. Rxf7 Qxe5 19. Rf3 Bc5 20. c3 a5 21.
Rd1 Nf6 22. Qxe5 Rxe5 23. h3 Rae8 24. Re1 b4 25. axb4 axb4 26. Nc2 b3 27. Nd4
Bxd4 28. cxd4 R5e6 29. Kf1 Rb6 30. Rc1 Re7 31. Bg5 Re4 32. Bxf6 gxf6 33. Rc7
Rbe6 34. Rxb3 Re7 35. Rxe7 Rxe7 36. Rb5 Rd7 37. Ke2 Kf7 38. Kf3 Kg6 39. Kf4 Rd6
40. b4 h6 41. Rc5 Rb6 42. b5 Rd6 43. g4 Rd7 44. b6 Rd6 45. Rb5 Rd8 46. b7 Rb8
47. Rb6 1-0

[Event "C.to Italiano Semifinale"]
[Site "San Martino di Castrozza - Siror ITA"]
[Date "2003.06.29"]
[Round "9"]
[White "Brignone, Roberto"]
[Black "Cazzaniga, Walter"]
[Result "0-1"]
[WhiteElo "2149"]
[BlackElo "2094"]
[PlyCount "56"]
[EventDate "2003.06.21"]

1. e4 Nf6 2. e5 Nd5 3. c4 Nb6 4. d4 d6 5. f4 dxe5 6. fxe5 Bf5 7. Nf3 e6 8. Nc3
Nc6 9. a3 Bg4 10. Be2 Be7 11. O-O O-O 12. Be3 f6 13. Ne4 Bxf3 14. Rxf3 fxe5 15.
Rh3 Nxd4 16. Bd3 g6 17. Qg4 Nf5 18. Bg5 Rf7 19. Rf1 Qd4+ 20. Be3 Nxe3 21. Qxe6
Nf5+ 22. Kh1 Qd7 23. Qxf7+ Kxf7 24. g4 Rf8 25. gxf5 gxf5 26. Ng5+ Ke8 27. Nxh7
Qc6+ 28. Kg1 Bc5+ 0-1

[Event "C.to Italiano Semifinale"]
[Site "San Martino di Castrozza - Siror ITA"]
[Date "2003.06.29"]
[Round "9"]
[White "Campanile, Roberto"]
[Black "Ferri, Stefano"]
[Result "1/2-1/2"]
[WhiteElo "2184"]
[BlackElo "2069"]
[PlyCount "20"]
[EventDate "2003.06.21"]

1. Nf3 Nf6 2. g3 g6 3. Bg2 Bg7 4. O-O O-O 5. c4 c5 6. Nc3 Nc6 7. d3 d6 8. e4 e5
9. Be3 Be6 10. Qd2 Qd7 1/2-1/2

[Event "C.to Italiano Semifinale"]
[Site "San Martino di Castrozza - Siror ITA"]
[Date "2003.06.29"]
[Round "9"]
[White "Di Paolo, Raffaele"]
[Black "Contini, Luca"]
[Result "1/2-1/2"]
[WhiteElo "2320"]
[BlackElo "2337"]
[PlyCount "21"]
[EventDate "2003.06.21"]

1. e4 c5 2. Nf3 d6 3. d4 cxd4 4. Nxd4 Nf6 5. Nc3 e6 6. Be2 a6 7. a4 Qc7 8. O-O
Be7 9. Be3 b6 10. f4 Bb7 11. Bf3 1/2-1/2

[Event "C.to Italiano Semifinale"]
[Site "San Martino di Castrozza - Siror ITA"]
[Date "2003.06.29"]
[Round "9"]
[White "Drei, Andrea"]
[Black "Cocchi, Andrea"]
[Result "1-0"]
[WhiteElo "2224"]
[BlackElo "2311"]
[PlyCount "81"]
[EventDate "2003.06.21"]

1. e4 d5 2. exd5 Qxd5 3. Nc3 Qd6 4. d4 Nf6 5. Nf3 a6 6. Be3 Bg4 7. h3 Bh5 8. g4
Bg6 9. Ne5 Nc6 10. Bg2 Rd8 11. Qe2 Nb4 12. O-O Nbd5 13. Nxd5 Nxd5 14. f4 f6 15.
Nc4 Qd7 16. f5 Bf7 17. Rad1 e6 18. Rfe1 Be7 19. Bd2 Qb5 20. fxe6 Bg6 21. c3 O-O
22. Qf1 Qa4 23. Ra1 Qe8 24. Ne3 Nxe3 25. Rxe3 f5 26. Rf3 fxg4 27. hxg4 Qa4 28.
b3 Qa3 29. Qc1 Qd6 30. Qe1 c5 31. Rxf8+ Rxf8 32. d5 c4 33. b4 Bd3 34. Be3 b6
35. Bd4 Qf4 36. Qe5 Qxg4 37. d6 Bf6 38. Qd5 Bxd4+ 39. Qxd4 Rf4 40. e7 Bg6 41.
Qd5+ 1-0

[Event "C.to Italiano Semifinale"]
[Site "San Martino di Castrozza - Siror ITA"]
[Date "2003.06.29"]
[Round "9"]
[White "Guclu, Yaman"]
[Black "Rossi, Damiano"]
[Result "1-0"]
[WhiteElo "1771"]
[BlackElo "1840"]
[PlyCount "99"]
[EventDate "2003.06.21"]

1. e4 e6 2. d4 d5 3. Nc3 Bb4 4. e5 Ne7 5. a3 Bxc3+ 6. bxc3 c5 7. a4 Qa5 8. Bd2
c4 9. Nf3 h6 10. h4 Bd7 11. Qb1 Nbc6 12. Be2 Rb8 13. O-O Nf5 14. Qa2 Qd8 15. g3
b5 16. axb5 Rxb5 17. Bc1 O-O 18. Ba3 Re8 19. Rfb1 Rxb1+ 20. Qxb1 Qa5 21. g4
Nxh4 22. Nxh4 Qxc3 23. Nf3 Nxd4 24. Nxd4 Qxd4 25. Bd6 Bc6 26. Qd1 Qxd1+ 27.
Rxd1 Ba4 28. Rc1 Ra8 29. f4 f6 30. Kf2 a6 31. Bd1 Kf7 32. Ke3 Bb5 33. c3 Ke8
34. Kd4 Rc8 35. Ra1 Kd7 36. Ba4 Kc6 37. Bxb5+ Kxb5 38. Bb4 Ra8 39. Ra5+ Kb6 40.
f5 exf5 41. gxf5 fxe5+ 42. Kxe5 Rd8 43. Rxd5 Rxd5+ 44. Kxd5 a5 45. Bf8 h5 46.
Bxg7 h4 47. Be5 a4 48. f6 a3 49. f7 a2 50. f8=Q 1-0

[Event "C.to Italiano Semifinale"]
[Site "San Martino di Castrozza - Siror ITA"]
[Date "2003.06.29"]
[Round "9"]
[White "Iotti, Pierluigi"]
[Black "Sorcinelli, Francesco"]
[Result "1-0"]
[WhiteElo "2314"]
[BlackElo "1962"]
[PlyCount "55"]
[EventDate "2003.06.21"]

1. d4 Nf6 2. Nf3 g6 3. c4 Bg7 4. Nc3 O-O 5. g3 d6 6. Bg2 c5 7. O-O Nc6 8. d5
Na5 9. Nd2 a6 10. Qc2 Rb8 11. b3 b5 12. Rb1 Bh6 13. e3 e5 14. dxe6 Bxe6 15.
cxb5 axb5 16. Bb2 d5 17. Rbd1 Bg4 18. Nf3 Bg7 19. Rfe1 Nc6 20. h3 Be6 21. Ng5
h6 22. Nxe6 fxe6 23. Qxg6 Ne5 24. Qc2 c4 25. Nxd5 Nxd5 26. Bxe5 cxb3 27. Qg6
Qe7 28. Rxd5 1-0

[Event "C.to Italiano Semifinale"]
[Site "San Martino di Castrozza - Siror ITA"]
[Date "2003.06.29"]
[Round "9"]
[White "Mola, Pietro"]
[Black "Passerotti, Pierluigi"]
[Result "1/2-1/2"]
[WhiteElo "2265"]
[BlackElo "2278"]
[PlyCount "92"]
[EventDate "2003.06.21"]

1. e4 c5 2. c3 d6 3. d4 Nf6 4. Bd3 e5 5. Nf3 Bg4 6. dxe5 dxe5 7. h3 Bxf3 8.
Qxf3 Be7 9. O-O O-O 10. Na3 Nbd7 11. Bg5 Qc7 12. Rad1 h6 13. Bc1 Rfd8 14. Nc4
b5 15. Ne3 c4 16. Bc2 Bf8 17. Nf5 Kh7 18. Rfe1 g6 19. Ne3 Bg7 20. Nd5 Qc6 21.
Qe3 Bf8 22. Kh1 Re8 23. f4 Nxd5 24. exd5 Qf6 25. Qg3 Bd6 26. Qg4 Rad8 27. f5 g5
28. Re3 Rg8 29. Qh5 Kg7 30. h4 Kf8 31. Rh3 Qg7 32. hxg5 hxg5 33. Be3 Ke7 34.
Qe2 Rh8 35. b3 g4 36. Rxh8 Rxh8+ 37. Kg1 g3 38. bxc4 f6 39. Qf3 bxc4 40. Kf1
Rb8 41. Rb1 Nb6 42. Qe4 Qh7 43. Ke2 Qh5+ 44. Kd2 Kd8 45. a4 Bf8 46. a5 Nd7
1/2-1/2

[Event "C.to Italiano Semifinale"]
[Site "San Martino di Castrozza - Siror ITA"]
[Date "2003.06.29"]
[Round "9"]
[White "Pechy, Alaster"]
[Black "Damia, Angelo"]
[Result "0-1"]
[WhiteElo "2115"]
[BlackElo "1991"]
[PlyCount "82"]
[EventDate "2003.06.21"]

1. d4 d5 2. c4 e6 3. Nc3 Nf6 4. Bg5 c6 5. e3 Bb4 6. Bxf6 Qxf6 7. Nf3 Nd7 8. a3
Bxc3+ 9. bxc3 dxc4 10. Bxc4 O-O 11. O-O e5 12. Qc2 exd4 13. cxd4 Nb6 14. Bd3 g6
15. Rab1 Be6 16. a4 Rab8 17. a5 Nd7 18. a6 b5 19. Qxc6 Rfc8 20. Qd6 Rb6 21. Qa3
Bc4 22. Rfc1 Rxa6 23. Qc3 Rac6 24. Bxc4 Rxc4 25. Qa1 Qb6 26. h4 h6 27. Rxc4
Rxc4 28. Ne5 Nxe5 29. dxe5 Rc6 30. Rc1 Rxc1+ 31. Qxc1 b4 32. Qb1 b3 33. Qb2 a5
34. h5 g5 35. Kh2 a4 36. f4 gxf4 37. exf4 a3 38. Qxa3 b2 39. e6 b1=Q 40. Qa8+
Kg7 41. e7 Q1g1+ 0-1

[Event "C.to Italiano Semifinale"]
[Site "San Martino di Castrozza - Siror ITA"]
[Date "2003.06.29"]
[Round "9"]
[White "Rossato, Armando"]
[Black "Astengo, Marcello"]
[Result "1-0"]
[WhiteElo "2192"]
[BlackElo "2055"]
[PlyCount "105"]
[EventDate "2003.06.21"]

1. e4 e6 2. d4 d5 3. Nc3 Bb4 4. Nge2 dxe4 5. a3 Be7 6. Nxe4 Nd7 7. N2g3 Ngf6 8.
Ng5 c5 9. c3 cxd4 10. cxd4 Nb6 11. Bd3 Bd7 12. O-O Ba4 13. Qe2 Qxd4 14. Be3 Qd7
15. b3 Bc6 16. b4 Ba4 17. N5e4 O-O 18. Rad1 Bxd1 19. Nxf6+ Bxf6 20. Rxd1 Nd5
21. Nh5 Be7 22. Bd4 g6 23. Bb5 Qc7 24. Be5 Qb6 25. Bd4 Qc7 26. Be5 Qd8 27. Nf4
Bf6 28. Qb2 Bxe5 29. Qxe5 Qf6 30. Rxd5 Qxe5 31. Rxe5 Rfd8 32. h4 Rd2 33. h5 Ra2
34. Re3 Rc8 35. h6 Rc1+ 36. Kh2 Rxf2 37. Rd3 Kf8 38. Rd8+ Ke7 39. Rd7+ Kf6 40.
Nd3 Rf5 41. Nxc1 Rxb5 42. Nb3 e5 43. Kg3 Ke6 44. Rc7 b6 45. Rxa7 Rd5 46. Kf2 e4
47. Rb7 Rd6 48. Nc1 g5 49. Ke3 f5 50. Rxh7 Kd5 51. Rh8 f4+ 52. Ke2 g4 53. h7
1-0

[Event "C.to Italiano Semifinale"]
[Site "San Martino di Castrozza - Siror ITA"]
[Date "2003.06.29"]
[Round "9"]
[White "Rossi, Giampiero"]
[Black "Battaglia, Edoardo"]
[Result "1/2-1/2"]
[WhiteElo "2052"]
[BlackElo "1600"]
[PlyCount "78"]
[EventDate "2003.06.21"]

1. d4 d5 2. c4 c6 3. cxd5 cxd5 4. Nc3 Nf6 5. Nf3 a6 6. Bf4 b5 7. e3 e6 8. Bd3
Bb7 9. O-O Bd6 10. Ne5 O-O 11. Qe2 Qe7 12. a4 b4 13. Na2 Nbd7 14. Nxd7 Qxd7 15.
Bxd6 Qxd6 16. b3 a5 17. Rac1 Rfc8 18. Rxc8+ Rxc8 19. Rc1 Rxc1+ 20. Nxc1 Qc6 21.
Qc2 Qxc2 22. Bxc2 Kf8 23. f3 Ke7 24. Kf2 h6 25. Nd3 Nd7 26. Ke1 Kd6 27. Kd2 Bc6
28. Nf2 f6 29. e4 e5 30. Ke3 dxe4 31. Bxe4 Bd5 32. dxe5+ Nxe5 33. Bxd5 Kxd5 34.
f4 Nc6 35. Ne4 Nd4 36. Nd2 f5 37. g3 g6 38. Kd3 h5 39. h3 Kc5 1/2-1/2

[Event "C.to Italiano Semifinale"]
[Site "San Martino di Castrozza - Siror ITA"]
[Date "2003.06.29"]
[Round "9"]
[White "Scalcione, Michelangelo"]
[Black "Ricci, Marco"]
[Result "1/2-1/2"]
[WhiteElo "2366"]
[BlackElo "2165"]
[PlyCount "39"]
[EventDate "2003.06.21"]

1. Nf3 Nf6 2. c4 g6 3. Nc3 Bg7 4. e4 d6 5. d4 O-O 6. Be2 e5 7. Be3 Ng4 8. Bg5
f6 9. Bc1 exd4 10. Nxd4 f5 11. O-O fxe4 12. Bxg4 Bxg4 13. Qxg4 Bxd4 14. Nxe4
Nc6 15. Bh6 Bg7 16. Bxg7 Kxg7 17. Ng5 Qc8 18. Qg3 Qf5 19. Rad1 Rae8 20. Rd5
1/2-1/2

[Event "C.to Italiano Semifinale"]
[Site "San Martino di Castrozza - Siror ITA"]
[Date "2003.06.29"]
[Round "9"]
[White "Stroppa, Daniel"]
[Black "Vezzosi, Paolo"]
[Result "0-1"]
[WhiteElo "2279"]
[BlackElo "2372"]
[PlyCount "132"]
[EventDate "2003.06.21"]

1. d4 Nf6 2. Nf3 e6 3. e3 b6 4. Bd3 Bb7 5. O-O c5 6. c4 Be7 7. Nc3 d6 8. e4
cxd4 9. Nxd4 Nbd7 10. Qe2 Rc8 11. b3 O-O 12. Bb2 g6 13. f4 e5 14. fxe5 dxe5 15.
Nf3 Bc5+ 16. Kh1 Nh5 17. Nd5 f6 18. Bc2 Rf7 19. Rad1 Qf8 20. Bc1 Ba3 21. Be3
Bc5 22. Bd2 Qe8 23. Ne1 Ng7 24. Bc3 Ne6 25. Nd3 Bd4 26. Be1 Kg7 27. Bb1 h5 28.
Bf2 Qh8 29. Ne1 Nb8 30. Nc2 Bxf2 31. Rxf2 Nc6 32. Rdf1 Rcf8 33. Qe3 Ncd4 34.
Nxd4 Nxd4 35. a3 Bxd5 36. exd5 Qh6 37. Qd3 h4 38. Kg1 Rc8 39. Qh3 f5 40. Qd3
Qg5 41. Re1 Qf6 42. Ba2 Re7 43. Rd1 a5 44. Kh1 Qd6 45. a4 Rh8 46. Bb1 Rh5 47.
Qc3 Rh8 48. Re1 Qb4 49. Qxb4 axb4 50. Bc2 Kf6 51. h3 Rh5 52. Bd1 Rg5 53. Ra2
Ra7 54. Re3 e4 55. Kg1 Ke5 56. Kf2 Kf4 57. Re1 Rg3 58. Rb2 Rc3 59. Rb1 Re7 60.
Ra1 e3+ 61. Kf1 e2+ 62. Bxe2 Nc2 63. Red1 Nxa1 64. Rxa1 Rxb3 65. c5 bxc5 66. d6
Re6 0-1